ՏԱՂԱՐԱՆ. (Record no. 217049)
[ view plain ]
| 000 -LEADER | |
|---|---|
| fixed length control field | 02484nam a2200229 a 4500 |
| 001 - CONTROL NUMBER | |
| control field | 000558791 |
| 003 - CONTROL NUMBER IDENTIFIER | |
| control field | AM-YeHGA |
| 005 - DATE AND TIME OF LATEST TRANSACTION | |
| control field | 20250617140300.0 |
| 008 - FIXED-LENGTH DATA ELEMENTS--GENERAL INFORMATION | |
| fixed length control field | 071126s1788 ||| r 000 0 arm d |
| 040 ## - CATALOGING SOURCE | |
| Original cataloging agency | AM-YeHGA |
| 090 ## - LOCALLY ASSIGNED LC-TYPE CALL NUMBER (OCLC); LOCAL CALL NUMBER (RLIN) | |
| -- | 218574 |
| 245 00 - TITLE STATEMENT | |
| Title | ՏԱՂԱՐԱՆ. |
| 260 ## - PUBLICATION, DISTRIBUTION, ETC. | |
| Place of publication, distribution, etc. | Կ. Պոլիս : |
| Name of publisher, distributor, etc. | տպ. Ստեփանոս Պետրոսյանի, |
| Date of publication, distribution, etc. | 1788. |
| 300 ## - PHYSICAL DESCRIPTION | |
| Extent | 484 էջ ; |
| Dimensions | 15 սմ. |
| 500 ## - GENERAL NOTE | |
| General note | Ա ԳՐՔԻ ՏԻՏՂԹ.՝ ՏԱՂԱՐԱՆ/ ՎԱՅԵԼՈՒՉ/ և գեղեցիկ/ ի զանազան բանաստեղծից/ ասացեալ, և տպեալ ի ռմա/ թու[ա]կ[ա]նի մերոյ ի վաղեմնա-/կան տպագրարանիս այսմիկ./ արդեամբք եղիայ դպրի։/ Իսկ այժմ զրաւեալ գոլով/ վերստին ի լոյս ածաւ ի/ հայրապ[ե]տու[թ]ե[ան] Տ[եառ]ն Ղուկ[ա]սու/ ս[ր]բ[ա]զ[ա]ն Կ[ա]թ[ու]ղ[ի]կ[ո]սի ամ[ենայն] Հայոց։/ Եւ ի Պ[ա]տրիարգու[թ]ե[ան] երկուց/ աթոռոցն ս[ր]բ[ո]յ Ե[րուսա]ղ[է]մի և կոս/տանդն[ո]ւպ[օ]լս[ո]յ Տ[եառ]ն Յ[ո]վ[ա]կ[ի]մ[ա]յ և/ Տ[եառ]ն Զ[ա]ք[ա]ր[իա]յ Արհի Եպ[ի]ս[կոպոսա]ց։/ ի Տպարանի Պետրոսեան/ Ստեփաննոսի։/ |
| 500 ## - GENERAL NOTE | |
| General note | Բ ԳՐՔԻ ՏԻՏՂԹ.՝ ՓՈՔՐԻԿ ԳԱՆ/ՁԱՐԱՆ։/ Հաւաքեցեալ համա-/ռօտաբար ըս[տ] պատշա-/ճի աւուր մեծ տօ-/նից Տ[է]րունականաց/ և ամ[ենայն] սրբոց։/ Վերստին տըպեալ/ ի ռմլէ թուականիս/ մերոյ:/ Զի որ կամի՝ ուսուցի/ զգոյնս սոցին. զի /երգել կարիցէ ներ/ եկեղեցւոջ ի պաշտ-/ման պատարագի։/ |
| 500 ## - GENERAL NOTE | |
| General note | 484 զարդափակ էջ, 59 և 364-րդ էջերը չտպագրված։ Ութածալ, մամուլանիշերը հայատառ։ Շարվ. չափը շրջանակով՝ 12X7,2 սմ։ Տիտղթ. զարդափակ։ 4 փորագիր պատկեր։ Գունազարդեր, վերջազարդեր, լուսանցազարդեր և զարդագրեր։ Բնագիրը 12 կետաչափի բոլորագրով, օգտագործված են նաև գլխագրեր և նոտրգիր։ |
| 546 ## - LANGUAGE NOTE | |
| Language note | Գրաբար |
| 740 02 - ADDED ENTRY--UNCONTROLLED RELATED/ANALYTICAL TITLE | |
| Uncontrolled related/analytical title | Գանձարան փոքրիկ |
| 856 41 - ELECTRONIC LOCATION AND ACCESS | |
| Uniform Resource Identifier | <a href="http://greenstone.flib.sci.am/gsdl/collect/armenian/Books/taxaran1788/book/index.html#page/1/mode/2up">http://greenstone.flib.sci.am/gsdl/collect/armenian/Books/taxaran1788/book/index.html#page/1/mode/2up</a> |
| Link text | Կարդալ առցանց |
| 942 ## - ADDED ENTRY ELEMENTS (KOHA) | |
| Source of classification or shelving scheme | Universal Decimal Classification |
| Koha item type | Գրքեր / Books |
| Withdrawn status | Lost status | Source of classification or shelving scheme | Damaged status | Not for loan | Collection | Home library | Current library | Date acquired | Total checkouts | Full call number | Barcode | Date last seen | Price effective from | Koha item type | Public note |
|---|---|---|---|---|---|---|---|---|---|---|---|---|---|---|---|
| Universal Decimal Classification | Rare Books Collection | Fundamental Scientific Library | Fundamental Scientific Library | 28/12/2016 | A/686 | FL0023183 | 28/12/2016 | 28/12/2016 | Հնատիպ գրքեր / Rare Books | ILL Non-Circ. |
ՀՀ Գիտությունների ազգային ակադեմիայի հիմնարար գիտական գրադարան = Fundamental Scientific Library of NAS RA
All site content, except where otherwise noted, is licensed under a